| 000 | 00511nam a2200169Ia 4500 | ||
|---|---|---|---|
| 999 |
_c6022 _d6022 |
||
| 003 | OSt | ||
| 005 | 20200128150140.0 | ||
| 008 | 190216s9999||||xx |||||||||||||| ||und|| | ||
| 020 | _a8171007880 | ||
| 040 | _coclc | ||
| 082 |
_a658.404 _bGOE/P |
||
| 100 |
_aGoel, B B _91542 _qGoel, Brij Bhushan |
||
| 245 | 0 |
_aProject management : principles and techniques / _cB B Goel |
|
| 260 |
_bDeep&Deep Pub, _aNew Delhi: _c2000. |
||
| 300 | _a496p | ||
| 942 |
_cBK _2ddc _h658.404 _iGOE/P _k658.404 _mGOE/P |
||